000 00433nam a2200193Ia 4500
001 12898
003 GE_BSU
008 181216s||||||||xx |||||||||||||| ||und||
040 _cGE_BSU
080 _a821.111-31
100 _aRoche De La Mazo.
245 _aVariable Winds at Jalna.
260 _aLondon.
260 _bPan Books LTD.
260 _c1965
300 _a250p;18cm.
653 _aVariable Winds at Jalna.
942 _cBK
999 _c46068
_d46068